MARC

LEADER 00000nas a2200000 a 4500
001 ssj0000579241
003 WaSeSS
005 20200512172242.0
006 m d
007 cr n
008 831117u1980uuuupo uu p s 0 b0por
010 |a  83647281  
022 |y 0871-4290 
035 |a (WaSeSS)ssj0000579241 
040 |a DLC  |b eng  |c DLC  |d HUL  |d DLC  |d NST  |d SYS  |d IXA  |d AU@  |d BLBSF  |d OCLCQ  |d OCLCO  |d OCLCQ  |d OCLCF  |d CUS  |d WaSeSS 
041 0 |a por  |a spa 
042 |a pcc 
043 |a e-po--- 
050 0 0 |a DP528  |b .P67 
082 0 4 |a 936.6  |2 19 
130 0 |a Portugália (Porto, Portugal : 1980) 
245 1 0 |a Portugália  |h [electronic resource]. 
260 |a Porto, Portugal :  |b Instituto de Arqueologia, Faculdade de Letras da Universidade do Porto,  |c 1980- 
362 0 |a Nova sér., vol. 1- 
506 |a License restrictions may limit access. 
546 |a In Portuguese; some articles in Spanish. 
650 1 4 |a Cultura  |z Portugal. 
650 7 |a Antiquities.  |2 fast  |0 (OCoLC)fst00810745 
651 0 |a Portugal  |x Antiquities. 
651 0 |a Portugal  |x Antiquities  |v Periodicals. 
651 7 |a Portugal.  |2 fast  |0 (OCoLC)fst01208476 
655 0 |a Electronic journals. 
710 2 |a Universidade do Porto.  |b Instituto de Arqueologia. 
850 |a DLC  |a MH  |a NN 
853 0 0 |8 1  |a nova sér.:v.  |i (year) 
856 4 0 |z Full text available from Research Library: 01/01/2010 to 12/31/2010  |u https://search.proquest.com/publication/3882648 
856 4 0 |z Full text available from Research Library: 01/01/2012 to present  |u https://search.proquest.com/publication/3882648 
863 4 1 |8 1  |a <1>  |i <1980>  |x provisional